A földhaszonbérlet szabályozása Magyarországon és az Európai Unióban

Elmentve itt :
Bibliográfiai részletek
Szerző: Bánki Norbert
További közreműködők: Bobvos Pál (Témavezető)
Dokumentumtípus: Szakdolgozat
Megjelent: 2004
Tárgyszavak:
Online Access:http://diploma.bibl.u-szeged.hu/28632
LEADER 00586nta a2200157 i 4500
001 dipl28632
005 20130314085756.0
008 110711s2004 hu om 0|| zxx d
040 |a SZTE Diploma Repozitórium  |b hun 
041 |a zxx 
100 1 |a Bánki Norbert 
245 1 2 |a A földhaszonbérlet szabályozása Magyarországon és az Európai Unióban  |h [elektronikus dokumentum] /  |c Norbert Bánki 
260 |c 2004 
650 4 |a Jogi és igazgatási tanulmányok 
700 1 |a Bobvos Pál  |e ths 
856 4 0 |u http://diploma.bibl.u-szeged.hu/id/eprint/28632/1/2004_banki_norbert_385.pdf  |z Dokumentum-elérés